Rockeros Celestes

Salvato in:
Dettagli Bibliografici
Autore principale: Oses, Darío (Oses Moya, Darío) (autor)
Natura: Libro
Lingua:spagnolo
Pubblicazione: Santiago Zig-Zag 2007
Edizione:2a. ed
Serie:Colección Viento Joven
Soggetti:
Tags: Aggiungi Tag
Nessun Tag, puoi essere il primo ad aggiungerne!!

MARC

LEADER 00000nam a2200000 a 4500
001 UCH8465
003 CL-VaPUC
008 091127e20070200CL |||||||||||||||||spa|d
020 |a 9789561218468 
082 0 4 |a Ch863  |b OSE  |2 21 
100 |a Oses, Darío  |q (Oses Moya, Darío)  |e autor  |9 558049 
245 1 0 |a Rockeros Celestes 
250 |a 2a. ed 
300 |a 121 p 
942 |c BK 
945 |d 20091127 00:00:00  |a lazolas 
260 |a Santiago  |b Zig-Zag  |c 2007 
650 0 |a Novelas chilenas   |9 265425 
650 0 |a Literatura chilena   |9 308278 
583 |a last modification  |c 20091127 00:00:00  |k Rodrigo Vera 
490 0 |a Colección Viento Joven 
999 |c 338677  |d 338675